书目信息 |
| 题名: |
运动生理学
|
|
| 作者: | ;体育院、系教材编审委员会《运动生理学》编写组 编 | |
| 分册: | ||
| 出版信息: | 北京 人民体育出版社 1978 |
|
| 页数: | 302页 | |
| 开本: | 26cm | |
| 丛书名: | ||
| 单 册: | ||
| 中图分类: | G804.2 | |
| 科图分类: | ||
| 主题词: | 运动生理-生理学--高等学校--教材 , 生理学-运动生理--高等学校--教材 | |
| 电子资源: | ||
| ISBN: | ||
| 000 | 00927nam0 2200253 45 | |
| 001 | 0178004945 | |
| 005 | 20060816151759.06 | |
| 010 | @dCNY2.00 | |
| 091 | @a7015.1679 | |
| 100 | @a19950717d1978 em y0chiy0121 ea | |
| 101 | 0 | @achi |
| 102 | @aCN@b110000 | |
| 105 | @ay z 000yy | |
| 200 | 10 | @a运动生理学@Ayun dong sheng li xue@f体育院、系教材编审委员会《运动生理学》编写组编@Fti yu yuan、xi jiao cai bian shen wei yuan hui《yun dong sheng li xue》bian xie zu bian |
| 210 | @a北京@c人民体育出版社@d1978 | |
| 215 | @a302页@d26cm | |
| 300 | @a体育系通用教材 | |
| 300 | @a国内发行 | |
| 606 | @a运动生理-生理学@x高等学校@x教材 | |
| 606 | @a生理学-运动生理@x高等学校@x教材 | |
| 690 | @aG804.2@v3 | |
| 711 | 0 | @a体育院、系教材编审委员会《运动生理学》编写组@Ati yu yuan、xi jiao cai bian shen wei yuan hui《yun dong sheng li xue》bian xie zu@4编 |
| 801 | 0 | @aCN@bNLC@c20060816 |
| 905 | @f1@b3733@dG804.2@e1@b87342-343@f2 | |
| 运动生理学/体育院、系教材编审委员会《运动生理学》编写组编.-北京:人民体育出版社,1978 |
| 302页;26cm |
| 体育系通用教材.-国内发行 |
| ISBN :CNY2.00 |
| ● |
| 相关链接 |
|
|
|
|
正题名:运动生理学
索取号:G804.2/1
 
预约/预借
| 序号 | 登录号 | 条形码 | 馆藏地/架位号 | 状态 | 备注 |
| 1 | 0003726 | 000998861 | 第一样本阅览室/ [索取号:G804.2/1] | 在馆 | |
| 2 | 0003731 | 202308225 | 密集书库/ [索取号:G804.2/1] | 在馆 | |
| 3 | 0003732 | 202308261 | 密集书库/ [索取号:G804.2/1] | 在馆 | |
| 4 | 0003733 | 000790790 | 密集书库/ [索取号:G804.2/1] | 在馆 | |
| 5 | 0003734 | 202308145 | 密集书库/ [索取号:G804.2/1] | 在馆 | |
| 6 | 0087341 | 202308234 | 密集书库/ [索取号:G804.2/1] | 在馆 | |
| 7 | 0087342 | 001511171 | 密集书库/ [索取号:G804.2/1] | 在馆 | |
| 8 | 0087343 | 000998852 | 密集书库/ [索取号:G804.2/1] | 在馆 | |
| 9 | 0087345 | 202308118 | 密集书库/ [索取号:G804.2/1] | 在馆 | |
| 10 | 0424346 | 204243461 | 密集书库/ [索取号:G804.2/1] | 在馆 | |
| 11 | 0424350 | 204243504 | 密集书库/ [索取号:G804.2/1] | 在馆 | |
| 12 | 0424354 | 204243540 | 密集书库/ [索取号:G804.2/1] | 在馆 | |
| 13 | 0424725 | 204247252 | 密集书库/ [索取号:G804.2/1] | 在馆 | |
| 14 | 0424730 | 204247305 | 密集书库/ [索取号:G804.2/1] | 在馆 | |
| 15 | 0425213 | 204252138 | 密集书库/ [索取号:G804.2/1] | 在馆 | |
| 16 | 0425220 | 204252209 | 密集书库/ [索取号:G804.2/1] | 在馆 | |
| 17 | 0448334 | 204483344 | 密集书库/ [索取号:G804.2/1] | 在馆 | |
| 18 | 0448628 | 204486289 | 密集书库/ [索取号:G804.2/1] | 在馆 | |
| 19 | 0464951 | 204649513 | 密集书库/ [索取号:G804.2/1] | 在馆 | |
| 20 | 0464952 | 204649522 | 密集书库/ [索取号:G804.2/1] | 在馆 | |
| 21 | 0464953 | 204649531 | 密集书库/ [索取号:G804.2/1] | 在馆 | |
| 22 | 4405517 | 244055179 | 密集书库/ [索取号:G804.2/1] | 在馆 | |
| 23 | 4405518 | 244055188 | 密集书库/ [索取号:G804.2/1] | 在馆 | |
| 24 | 4405519 | 244055197 | 密集书库/ [索取号:G804.2/1] | 在馆 | |
| 25 | 4405520 | 244055204 | 密集书库/ [索取号:G804.2/1] | 在馆 | |
| 26 | 4405521 | 244055213 | 密集书库/ [索取号:G804.2/1] | 在馆 |